| 000 | 00632nam a2200205 4500 | ||
|---|---|---|---|
| 001 | 117582 | ||
| 003 | ES-MaACL | ||
| 005 | 20230906190932.0 | ||
| 007 | t| | ||
| 008 | 070214s1945 sp r ||||1| spa d | ||
| 100 | 1 |
_aPanzini, Alfredo. _988834 |
|
| 245 | 1 | 0 |
_aCavour _b: el artífice de la unidad de Italia / _cAlfredo Panzini ; versión española y prólogo de Pedro Fraga de Porto. |
| 260 |
_aMadrid : _bMorata, _c1945. |
||
| 300 |
_a364 p., 4 lám. ; _c24 cm. |
||
| 490 | 1 | _aAzov | |
| 700 | 1 |
_aFraga de Porto, Pedro. _952071 |
|
| 830 | 0 |
_aAzov _9233361 |
|
| 852 |
_aES-MaACL _jB-10006 _bR.21365 |
||
| 999 |
_c117582 _d117582 |
||